When things go wrong : foreign policy decision making under adverse feedback

Bibliographic Details
Main Author: Hermann, Charles F. , 1938- (Author)
Format: Book
Language:English
Published: Abingdon, Oxon : Routledge , c2012
Series:Foreign policy analysis series
Subjects:

MARC

LEADER 00000cam a2200000 7i4500
001 0000087828
005 20230413093000.0
008 141126s2012 enk eng
020 |a 9780203801260 
020 |a 9780415895286 
020 |a 9780415895293 
050 0 0 |a JZ1253   |b .W44 2012 
090 0 0 |a JZ1253   |b .W44 2012 
245 0 0 |a When things go wrong :   |b foreign policy decision making under adverse feedback   |c edited by Charles F. Hermann 
260 |a Abingdon, Oxon :   |b Routledge ,   |c c2012 
300 |a xiv, 194 p. :   |b ill. ;   |c 24 cm. 
490 1 |a Foreign policy analysis series 
504 |a Includes bibliographical references and index 
505 0 |a 1.What we do when things go wrong -- 2. Responding to adverse feedback: group decision making in protracted foreign policy problems -- 3. From anticipated victory to sensing entrapment in Vietnam: group efficacy in the LBJ administration -- 4. The role of leaders in sequential decision making: Lyndon Johnson, advisory dynamics and Vietnam -- 5. Policy commitment and resistance to change in U.S.-Chinese relations: the George H. W. Bush administration's response to Tiananmen Square -- 6. The British strategy of appeasement: why Britain persisted in the face of negative feedback -- 7. Applying control theory to sequential foreign policy decision making -- 8. Dealing with adverse feedback 
650 0 |a International relations   |x Decision making 
650 0 |a International relations   |x Decision making   |v Case studies 
650 0 |a International relations   |x Psychological aspects 
650 0 |a United States   |x Foreign relations   |y 20th century   |x Decision making 
700 1 |a Hermann, Charles F. ,   |d 1938- ,   |e author 
999 |a 1000163023   |b Book   |c OPEN SHELF (30 DAYS)   |e Gong Badak Campus